000 00691nam a2200241Ia 4500
003 OSt
005 20220928113626.0
006 a|||||r|||| 00| 0
007 ta
008 220927b |||||||| |||| 00| 0 eng d
024 _a35573
037 _cTextual
040 _aSDCL
_cSDCL
_beng
041 _2eng
_aeng
082 _aX:(G:55), P2
100 _aFranzini Maurizio Ed.
_9434140
245 0 _aEconomic institutions and environmental policy.
260 _aAldershot
_bAshgate
_c2002
300 _avii,240p
_ccm.
700 _a Nicita Antonia Ed.
_9434141
942 _hX:(G:55), P2
_cTEXL
_2CC
999 _c750527
_d750527